书目信息 |
| 题名: |
核心素养培育下小学学科实践活动的设计与实施
|
|
| 作者: | 龙娟娟 主编 | |
| 分册: | ||
| 出版信息: | 北京 知识产权出版社有限责任公司 2020.1 |
|
| 页数: | 188页 | |
| 开本: | 24cm | |
| 丛书名: | ||
| 单 册: | ||
| 中图分类: | G622.41 | |
| 科图分类: | ||
| 主题词: | 小学--教学设计 | |
| 电子资源: | ||
| ISBN: | 978-7-5130-7171-0 | |
| 000 | 01098nam0 2200229 450 | |
| 001 | 012001001565 | |
| 005 | 20141202154827.0 | |
| 010 | @a978-7-5130-7171-0@dCNY76.00 | |
| 100 | @a20220905d2020 em y0chiy50 ea | |
| 101 | 0 | @achi |
| 102 | @aCN@b110000 | |
| 105 | @aa z 000yy | |
| 106 | @ar | |
| 200 | 1 | @a核心素养培育下小学学科实践活动的设计与实施@Ahe xin su yang pei yu xia xiao xue xue ke shi jian huo dong de she ji yu shi shi@f龙娟娟主编 |
| 210 | @a北京@c知识产权出版社有限责任公司@d2020.1 | |
| 215 | @a188页@c图@d24cm | |
| 330 | @a本书在以核心素养为导向的知识应用视角下小学学科实践活动的设计与实施,从理论和实践层面对学科实践活动进行解释、设计与实施,理论层面包含了学科实践活动的缘起、价值与形式,实践层面包含两个层次:一是以小学语文、数学、英语为例,分别研制小学语文、数学、英语三科学科内实践活动,进行跨年级综合类、探究类活动的设计与实施;二是以生活实践为切入点,研制小学阶段跨学科综合类、探究类作业的设计与实施。 | |
| 606 | 0 | @a小学@x教学设计 |
| 690 | @aG622.41@v5 | |
| 701 | 0 | @a龙娟娟@Along juan juan@4主编 |
| 801 | 0 | @aCN@bAHXH@c20221111 |
| 905 | @b1371285-9@dG622.41@e2762@f5 | |
| 核心素养培育下小学学科实践活动的设计与实施/龙娟娟主编.-北京:知识产权出版社有限责任公司,2020.1 |
| 188页:图;24cm |
| ISBN 978-7-5130-7171-0:CNY76.00 |
| 本书在以核心素养为导向的知识应用视角下小学学科实践活动的设计与实施,从理论和实践层面对学科实践活动进行解释、设计与实施,理论层面包含了学科实践活动的缘起、价值与形式,实践层面包含两个层次:一是以小学语文、数学、英语为例,分别研制小学语文、数学、英语三科学科内实践活动,进行跨年级综合类、探究类活动的设计与实施;二是以生活实践为切入点,研制小学阶段跨学科综合类、探究类作业的设计与实施。 |
| ● |
| 相关链接 |
|
|
|
|
正题名:核心素养培育下小学学科实践活动的设计与实施
索取号:G622.41/2762
 
预约/预借
| 序号 | 登录号 | 条形码 | 馆藏地/架位号 | 状态 | 备注 |
| 1 | 1371285 | 213712856 | 第一样本阅览室/ [索取号:G622.41/2762] | 在馆 | |
| 2 | 1371286 | 213712865 | 教育系资料室/ [索取号:G622.41/2762] | 在馆 | |
| 3 | 1371287 | 213712874 | 教育系资料室/ [索取号:G622.41/2762] | 在馆 | |
| 4 | 1371288 | 213712883 | 第四借阅区/ [索取号:G622.41/2762] | 在馆 | |
| 5 | 1371289 | 213712892 | 第四借阅区/ [索取号:G622.41/2762] | 在馆 |